000 00894nas a2200289 4500
001 BR0805192
003 BR-BrBNA
005 20231205112404.0
007 ta
008 230509b bl.|||p| |||| 00| 00por d
040 _aBR-BrBNA
_bpor
_cBiblioteca Nacional de Agricultura
041 _a(Pt)
072 _aF30
100 1 _aJesus, W.C. de
100 1 _aBrasil, E.M.
100 1 _aOliveira, J.P. de
100 1 _aPinto, G.R.C.
100 1 _aChaves, L.J.
100 1 _aRamos, M.R.
245 1 _aHeterose para teor de proteína no grão em cruzamentos entre populações de milho derivadas de híbridos comerciais
650 _aMILHO
650 _aHETEROSE
650 _aCRUZAMENTO DIALELICO
773 0 _tPesquisa Agropecuaria Tropical (Brazil)
_xISSN 1517-6398
_g(Jan-Mar 2008), v. 38(1) p. 32-38
_wBR0805192
909 _a202311
_bLúcia
_c55
_dLúcia Elande
942 _2AGRIS
_n0
_cANA
999 _c197790
_d197790